| 000 | 00472nam a2200157Ia 4500 | ||
|---|---|---|---|
| 008 | 170221s9999 xx 000 0 und d | ||
| 100 | _aAbdullah Özkan | ||
| 245 | 4 | _aThe Role of Strategic Communication Management in Nation Brand Building | |
| 245 | _cAbdullah Özkan | ||
| 260 | _bOnline Journal of Communication and Media Technologies | ||
| 260 | _c2012 | ||
| 300 | _a11 : | ||
| 650 | _xCommunication | ||
| 650 | _xMedia Arts | ||
| 856 | _uhttp://www.ojcmt.net/ | ||
| 999 |
_c309033 _d309033 |
||